[Event "Kuala Lumpur op 5th"]
[Site "Kuala Lumpur"]
[Date "2008.08.22"]
[Round "8"]
[White "Yee, Soon Wei"]
[Black "Nardi, Marco"]
[Result "1/2-1/2"]
[WhiteElo "2278"]
[BlackElo "2047"]
[PlyCount "126"]
[EventDate "2008.08.18"]
[EventType "swiss"]
[EventRounds "11"]
[EventCountry "MAS"]
[SourceTitle "CBM 126 Extra"]
[Source "ChessBase"]
[SourceDate "2008.11.05"]
[SourceVersion "1"]
[SourceVersionDate "2008.11.05"]
[SourceQuality "1"]

1. e4 c5 2. Nf3 d6 3. Bb5+ Nd7 4. d4 cxd4 5. Qxd4 Ngf6 6. Nc3 g6 7. Bg5 Bg7 8. 0-0-0 0-0 9. e5 dxe5 10. Nxe5 Qc7 11. Nxd7 Nxd7 12. Nd5 Qa5 13. Qa4 Qxa4 14. Bxa4 Nc5 15. Nxe7+ Kh8 16. Bb5 Be6 17. Nd5 a6 18. Be2 Rac8 19. Bf3 b5 20. Ne7 Rc7 21. Bf4 Rd7 22. Bc6 Rxd1+ 23. Rxd1 Na4 24. c3 Bxa2 25. Bd5 Bxd5 26. Rxd5 Re8 27. Be3 b4 28. Nc6 bxc3 29. bxc3 Nxc3 30. Rd7 Ne4 31. Kd1 Nc3+ 32. Kc2 Nb5 33. Kd3 Rc8 34. Na7 Nxa7 35. Rxa7 Kg8 36. Rxa6 Rc3+ 37. Kd2 Rc8 38. Rd6 h5 39. Rd7 Bf6 40. Ke2 Kg7 41. h3 Rc6 42. g4 hxg4 43. hxg4 Re6 44. Kf3 g5 45. Rd5 Kg6 46. Bc1 Re5 47. Rd6 Rb5 48. Be3 Rb4 49. Ra6 Rc4 50. Kg3 Kg7 51. Ra5 Kg6 52. Rb5 Ra4 53. Rb6 Ra3 54. Kf3 Ra4 55. Bc1 Kg7 56. Kg3 Be5+ 57. Kf3 f6 58. Bd2 Kg6 59. Rb4 Ra3+ 60. Ke4 Ra2 61. Be3 Ra5 62. Bb6 Ra2 63. Rc4 Ra3 1/2-1/2

[Event "Kuala Lumpur op 5th"]
[Site "Kuala Lumpur"]
[Date "2008.08.20"]
[Round "6"]
[White "Nanjo, Ryosuke"]
[Black "Nardi, Marco"]
[Result "1-0"]
[WhiteElo "2184"]
[BlackElo "2047"]
[PlyCount "77"]
[EventDate "2008.08.18"]
[EventType "swiss"]
[EventRounds "11"]
[EventCountry "MAS"]
[SourceTitle "CBM 126 Extra"]
[Source "ChessBase"]
[SourceDate "2008.11.05"]
[SourceVersion "1"]
[SourceVersionDate "2008.11.05"]
[SourceQuality "1"]

1. d4 Nf6 2. Bg5 b6 3. Bxf6 exf6 4. e3 Bb7 5. Nf3 d5 6. Bd3 Bd6 7. Nbd2 0-0 8. 0-0 Nd7 9. c4 c6 10. Qe2 g6 11. cxd5 cxd5 12. Rfc1 a6 13. Qd1 b5 14. Nb3 Qb6 15. a4 bxa4 16. Rxa4 Rfc8 17. Rca1 Bb4 18. Na5 Bxa5 19. Rxa5 Rc7 20. Qd2 Nb8 21. b4 Nc6 22. Rc5 Nd8 23. h3 Ne6 24. Rca5 Rcc8 25. Rb1 Bc6 26. Qe2 Nc7 27. Ne1 Bb5 28. Rba1 Qd6 29. Bxb5 Nxb5 30. Nd3 Nc3 31. Qb2 Rc4 32. b5 Rb8 33. Rxa6 Qd7 34. b6 Qf5 35. Ra8 Qxd3 36. Rxb8+ Kg7 37. b7 Ne2+ 38. Kh2 Rc2 39. Qa3 1-0

[Event "Bratto op 26th"]
[Site "Bratto"]
[Date "2006.08.21"]
[Round "3"]
[White "Tramalloni, Luca"]
[Black "Nardi, Marco"]
[Result "1-0"]
[WhiteElo "2114"]
[BlackElo "2055"]
[PlyCount "99"]
[EventDate "2006.08.19"]
[EventType "swiss"]
[EventRounds "9"]
[EventCountry "ITA"]
[SourceTitle "CBM 113 Extra"]
[Source "ChessBase"]
[SourceDate "2006.09.14"]
[SourceVersion "1"]
[SourceVersionDate "2006.09.14"]
[SourceQuality "1"]

1. d4 Nf6 2. c4 c6 3. Nc3 d5 4. e3 a6 5. Nf3 b5 6. c5 Nbd7 7. Be2 Qc7 8. 0-0 e5 9. Re1 g6 10. Bf1 Bg7 11. dxe5 Nxe5 12. e4 dxe4 13. Nxe4 Nxe4 14. Rxe4 Bf5 15. Re1 0-0 16. Bf4 Bg4 17. Bxe5 Bxe5 18. Rxe5 Bxf3 19. Qe1 Bd5 20. a3 Rad8 21. g3 Rd7 22. Bh3 f5 23. Bg2 Bxg2 24. Kxg2 Kf7 25. Qc3 Re7 26. Rae1 Rfe8 27. Qb3+ Kg7 28. Re6 Rxe6 29. Rxe6 Rxe6 30. Qxe6 a5 31. b4 axb4 32. axb4 f4 33. h3 fxg3 34. fxg3 Qb7 35. h4 Qa8 36. Qe7+ Kg8 37. Qd7 Qa2+ 38. Kh3 Qa8 39. Kg2 Qa2+ 40. Kh3 Qa8 41. Kg4 Qf8 42. Kg5 Qf3 43. Qe8+ Kg7 44. Qe7+ Kg8 45. g4 Qd5+ 46. Kh6 Qf7 47. Qd8+ Qf8+ 48. Qxf8+ Kxf8 49. Kxh7 Kf7 50. g5 1-0

[Event "Schwarzach op"]
[Site "Schwarzach"]
[Date "2005.08.??"]
[Round "8"]
[White "Nardi, Marco"]
[Black "Ljubic, Juro"]
[Result "0-1"]
[WhiteElo "2031"]
[BlackElo "2221"]
[PlyCount "56"]
[EventDate "2005.08.??"]
[EventType "swiss"]
[EventRounds "9"]
[EventCountry "AUT"]
[SourceTitle "EXT 2007"]
[Source "ChessBase"]
[SourceDate "2006.11.23"]
[SourceVersion "1"]
[SourceVersionDate "2006.11.23"]
[SourceQuality "1"]

1. d4 Nf6 2. Nc3 d5 3. Bg5 Nc6 4. e4 Nxe4 5. Nxe4 dxe4 6. d5 Nb4 7. c4 Qd6 8. Qd2 Bf5 9. a3 Nd3+ 10. Bxd3 exd3 11. Nf3 e5 12. dxe6 Qxe6+ 13. Kf1 Qxc4 14. Re1+ Be6 15. Ne5 Qd5 16. Nxd3 Bd6 17. f3 h6 18. Be3 0-0-0 19. Qc3 Qc4 20. Rc1 Qxc3 21. Rxc3 Be5 22. Nxe5 Rd1+ 23. Kf2 Rxh1 24. Bxa7 Rb1 25. b4 Rb3 26. Rc5 Rxa3 27. Bb6 c6 28. b5 Rb3 0-1

[Event "Cattolica op"]
[Site "Cattolica"]
[Date "2005.06.18"]
[Round "8"]
[White "Nardi, Marco"]
[Black "Weinberg, Emanuele"]
[Result "0-1"]
[WhiteElo "2017"]
[BlackElo "1926"]
[PlyCount "64"]
[EventDate "2005.06.11"]
[EventType "swiss"]
[EventRounds "9"]
[EventCountry "ITA"]
[SourceTitle "EXT 2007"]
[Source "ChessBase"]
[SourceDate "2006.11.23"]
[SourceVersion "1"]
[SourceVersionDate "2006.11.23"]
[SourceQuality "1"]

1. e4 Nf6 2. e5 Nd5 3. d4 d6 4. c4 Nb6 5. f4 dxe5 6. fxe5 Nc6 7. Be3 Bf5 8. Nf3 e6 9. Be2 Be7 10. 0-0 Nb4 11. Na3 0-0 12. Qd2 c5 13. Rad1 cxd4 14. Nxd4 Bg6 15. Qc3 Qb8 16. Ndc2 Nxc2 17. Nxc2 Bxc2 18. Qxc2 Qxe5 19. c5 Qxe3+ 20. Kh1 Qxc5 21. Qe4 Nd5 22. Bd3 g6 23. Rf3 Nf6 24. Qe2 Rad8 25. Rdf1 Ng4 26. Rg3 Ne5 27. Bb1 Qc4 28. Qe1 Bh4 29. b3 Bxg3 30. hxg3 Qd5 31. Qe2 Nc6 32. g4 Qg5 0-1

[Event "Cattolica op"]
[Site "Cattolica"]
[Date "2005.06.17"]
[Round "7"]
[White "Fratino, Lorenzo"]
[Black "Nardi, Marco"]
[Result "1/2-1/2"]
[WhiteElo "1915"]
[BlackElo "2017"]
[PlyCount "49"]
[EventDate "2005.06.11"]
[EventType "swiss"]
[EventRounds "9"]
[EventCountry "ITA"]
[SourceTitle "EXT 2007"]
[Source "ChessBase"]
[SourceDate "2006.11.23"]
[SourceVersion "1"]
[SourceVersionDate "2006.11.23"]
[SourceQuality "1"]

1. e4 e5 2. d4 exd4 3. Qxd4 Nc6 4. Qe3 Nf6 5. Nc3 Bb4 6. Bd2 0-0 7. 0-0-0 Re8 8. Bc4 d6 9. Nh3 Bxc3 10. Bxc3 Nxe4 11. Qf3 Re7 12. Bxf7+ Rxf7 13. Qxe4 Bxh3 14. gxh3 Rxf2 15. Qe6+ Rf7 16. Bxg7 Kxg7 17. Rhg1+ Kf8 18. Qh6+ Ke7 19. Rge1+ Ne5 20. Rxe5+ dxe5 21. Qg5+ Ke8 22. Rxd8+ Rxd8 23. Qxe5+ Kd7 24. Qd5+ Ke8 25. Qe5+ 1/2-1/2

[Event "Porto San Giorgio op 16th"]
[Site "Porto San Giorgio"]
[Date "2004.08.23"]
[Round "3"]
[White "Vigile, Matteo"]
[Black "Nardi, Marco"]
[Result "1-0"]
[WhiteElo "2109"]
[BlackElo "1888"]
[PlyCount "92"]
[EventDate "2004.08.21"]
[EventType "swiss"]
[EventRounds "9"]
[EventCountry "ITA"]
[SourceTitle "CBM 101 Extra"]
[Source "ChessBase"]
[SourceDate "2004.09.01"]
[SourceVersion "2"]
[SourceVersionDate "2004.09.01"]
[SourceQuality "1"]

1. Nf3 Nf6 2. g3 g6 3. d3 Bg7 4. Bg2 0-0 5. 0-0 d5 6. Nbd2 c5 7. c4 Nc6 8. a3 b6 9. Rb1 a5 10. b3 Bb7 11. Bb2 d4 12. b4 Nd7 13. bxc5 Nxc5 14. Qc2 a4 15. Ng5 e5 16. Nge4 Ne6 17. c5 Na5 18. Qxa4 f5 19. cxb6 fxe4 20. Nxe4 Qxb6 21. Bc3 Qd8 22. Rxb7 Nxb7 23. Qb3 Qd7 24. Bb4 Kh8 25. Bxf8 Rxf8 26. Rc1 Rc8 27. Rxc8+ Qxc8 28. Bh3 Nbd8 29. Qd5 h6 30. a4 Qa6 31. Qd7 Qb6 32. a5 Qxa5 33. Bxe6 Nxe6 34. Qxe6 Qe1+ 35. Kg2 Qxe2 36. Nc5 Qh5 37. Qe8+ Kh7 38. Ne6 Qf5 39. Qe7 Qf6 40. Qxf6 Bxf6 41. Kf3 Kg8 42. Ke4 Kf7 43. Nc7 g5 44. Kf5 Bg7 45. g4 Ke7 46. f3 Kd6 1-0

[Event "Porto San Giorgio op 16th"]
[Site "Porto San Giorgio"]
[Date "2004.08.22"]
[Round "2"]
[White "Nardi, Marco"]
[Black "Friedrich, Norbert"]
[Result "0-1"]
[WhiteElo "1888"]
[BlackElo "2319"]
[PlyCount "75"]
[EventDate "2004.08.21"]
[EventType "swiss"]
[EventRounds "9"]
[EventCountry "ITA"]
[SourceTitle "CBM 101 Extra"]
[Source "ChessBase"]
[SourceDate "2004.09.01"]
[SourceVersion "2"]
[SourceVersionDate "2004.09.01"]
[SourceQuality "1"]

1. e4 c5 2. Nc3 Nc6 3. g3 g6 4. Bg2 Bg7 5. d3 d6 6. Be3 e5 7. Qd2 Nge7 8. Bh6 Bxh6 9. Qxh6 Nd4 10. 0-0-0 Be6 11. f4 Ng8 12. Qg7 Qf6 13. Qxf6 Nxf6 14. Kb1 0-0-0 15. Nce2 Ng4 16. Rd2 Ne3 17. Nxd4 cxd4 18. Bh3 Kd7 19. Bxe6+ Kxe6 20. Nf3 f6 21. c3 dxc3 22. bxc3 Rc8 23. Re1 Ng4 24. h3 Nh6 25. c4 Nf7 26. Nh4 Ke7 27. Rf1 Rhf8 28. Ng2 Nd8 29. Ne3 Nc6 30. Nd5+ Ke6 31. Rdf2 f5 32. fxe5 Nxe5 33. Kc2 b5 34. exf5+ Rxf5 35. Rxf5 gxf5 36. Rxf5 bxc4 37. d4 Nc6 38. g4 0-1

[Event "ITA-ch U20 26th"]
[Site "Bratto"]
[Date "2003.08.26"]
[Round "6"]
[White "Nardi, Marco"]
[Black "Rombaldoni, Denis"]
[Result "0-1"]
[WhiteElo "1774"]
[BlackElo "2064"]
[PlyCount "42"]
[EventDate "2003.08.21"]
[EventType "swiss"]
[EventRounds "9"]
[EventCountry "ITA"]
[SourceTitle "EXT 2007"]
[Source "ChessBase"]
[SourceDate "2006.11.23"]
[SourceVersion "1"]
[SourceVersionDate "2006.11.23"]
[SourceQuality "1"]

1. e4 c6 2. Nc3 d5 3. Qf3 dxe4 4. Nxe4 Nd7 5. d4 Ngf6 6. Nxf6+ Nxf6 7. c3 Bg4 8. Qg3 e6 9. Bg5 h5 10. Bd3 Qb6 11. b4 Bxb4 12. Bd2 0-0-0 13. h3 Bd6 14. f4 h4 15. Qf2 Bf5 16. Rb1 Qa5 17. c4 Qxa2 18. Qe2 Nh5 19. Qf3 Bxf4 20. Bxf4 Bxd3 21. Qxd3 Nxf4 0-1

[Event "ITA-ch U20 26th"]
[Site "Bratto"]
[Date "2003.08.22"]
[Round "2"]
[White "Bove, Alessandro"]
[Black "Nardi, Marco"]
[Result "1/2-1/2"]
[WhiteElo "2129"]
[BlackElo "1774"]
[PlyCount "46"]
[EventDate "2003.08.21"]
[EventType "swiss"]
[EventRounds "9"]
[EventCountry "ITA"]
[SourceTitle "EXT 2007"]
[Source "ChessBase"]
[SourceDate "2006.11.23"]
[SourceVersion "1"]
[SourceVersionDate "2006.11.23"]
[SourceQuality "1"]

1. e4 e5 2. f4 Bc5 3. Nf3 d6 4. c3 Nf6 5. d4 exd4 6. cxd4 Bb6 7. Nc3 0-0 8. e5 Re8 9. Be2 Nfd7 10. Bc4 Nf8 11. Qd3 Be6 12. Bd2 dxe5 13. dxe5 Nc6 14. 0-0-0 Nb4 15. Qxd8 Raxd8 16. Bxe6 Nxe6 17. f5 Nc5 18. Bg5 Rxd1+ 19. Rxd1 Ncd3+ 20. Kb1 h6 21. a3 hxg5 22. axb4 Nxe5 23. Nxg5 Nc6 1/2-1/2